000 00551nam a2200181 a 4500
001 4496
003 CO-ViMGA
008 141112s2004 ck r 000 u spa d
020 _a968858083X
040 _aCO-ViMGA
_bspa
_cCO-ViMGA
082 0 4 _a370.7122 M173
245 1 0 _aMatemáticas para la educación básica preescolar
260 _aMexico :
_bFondo educativo interAméricano,
_c1982
300 _a80 p : il
490 _aMatemática educación básica
650 1 4 _aMATEMATICAS - educación PREESCOLAR - LIBROS DE TEXTO
_955279
942 _2ddc
_cBK
999 _c16506
_d16506